Wish like Snakes Innocent Like Doves (Record no. 19650)

MARC details
000 -LEADER
fixed length control field 00309nam a22001337a 4500
020 ## - INTERNATIONAL STANDARD BOOK NUMBER
ISBN 9788184651461
082 ## - DEWEY DECIMAL CLASSIFICATION NUMBER
Classification number 305.402208 DIE
100 ## - MAIN ENTRY--AUTHOR NAME
Author name Dietrich, Gabriele
245 ## - TITLE STATEMENT
Title Wish like Snakes Innocent Like Doves
260 ## - PUBLICATION, DISTRIBUTION, ETC. (IMPRINT)
Place of publication delhi
Name of publisher ISPCK
Year of publication 2011
300 ## - PHYSICAL DESCRIPTION
Number of Pages 160
650 ## - SUBJECT ADDED ENTRY--TOPICAL TERM
Topical Term Women in Bible
942 ## - ADDED ENTRY ELEMENTS (KOHA)
Koha item type Books
Holdings
Home library Current library Date acquired Cost, normal purchase price Full call number Accession Number Koha item type
Henry Martyn Institute Library Henry Martyn Institute Library 08/20/2015 115.00 305.402208 DIE 11-2753 Books
                   Copyright © 2026 | Henry Martyn Institute | Hyderabad | TS-500052 | INDIA | Implemented by hmi.edu.in
Hit-Count:

Powered by Koha